Online Catalogue and eLibrary

Adi baudha darshanaya : (Record no. 5190)

MARC details
000 -LEADER
fixed length control field 00439nam a2200157Ia 4500
005 - DATE AND TIME OF LATEST TRANSACTION
control field 20250519011221.0
008 - FIXED-LENGTH DATA ELEMENTS--GENERAL INFORMATION
fixed length control field 240331s9999 xx 000 0 und d
020 ## - INTERNATIONAL STANDARD BOOK NUMBER
ISBN 9559569805
082 ## - DDC Classification
Item Number - Author Mark GAL
Class No. 294
100 ## - MAIN ENTRY--PERSONAL NAME
Personal name Galmangoda,S
245 #0 - TITLE STATEMENT
Title Adi baudha darshanaya :
Remainder of title muula dharma vigrahaya
260 ## - PUBLICATION, DISTRIBUTION, ETC.
Place of publication, distribution, etc. Kadawatha
Name of publisher, distributor, etc. Abaya Printers & Publishers
Date of publication, distribution, etc. 1994
300 ## - PHYSICAL DESCRIPTION
Extent (e.g. Volumes, Pages etc.) 239 p .,
500 ## - GENERAL NOTE
General note A book of Ancient Buddhist Philosophy
942 ## - Koha item type (Biblio)
Koha item type Books in Stacks (Lending)
Holdings
Lost status Damaged status Collection code Home library Current library Shelving location Date acquired Full call number Accession Number Item type
    Lending WERC Library WERC Library Social Science Cupboard 03/31/2024 294.3 GAL 5748 Books in Stacks (Lending)

© WERC Library